Liiga-pelaajat kaudella 2025-26 - Statistics

Yleistilastot
  • Tätä visaa on pelattu 97 kertaa
  • Keskiarvotulos 101 / 500
Vastaustilastot
Pelipaikka, kansallisuus, pisteet tai torjuntaprosentti Pelaaja % Oikein
H, Suomi, 77 Benjamin Rautiainen
67%
H, Suomi, 28 Jori Lehterä
67%
H, Suomi, 19 Teemu Rautiainen
67%
P, Suomi, 6 Eemeli Saari
61%
MV, Ruotsi, 88% Hugo Alnefelt
61%
H, Suomi, 12 Atte Joki
55%
H, Suomi, 11 Iiro Pakarinen
55%
P, Suomi, 31 Jimi Suomi
55%
MV, Suomi, 92% ja - Kim ja Kaj Saarinen
55%
MV, Suomi, 86% Niko Hovinen
55%
H, Suomi, 1 Noel Pakarinen
55%
H, Suomi, 6 Onni Lind
55%
H, USA, 41 Patrick Curry
55%
H, Suomi, 3 Santeri Hartikainen
55%
H, Suomi, 39 Teemu Hartikainen
55%
H, Suomi, 9 Aatos Koivu
52%
H, Suomi, 35 Aleksi Saarela
52%
H, Suomi, 40 Antti Saarela
52%
P, Suomi, 17 Aron Kiviharju
52%
P, Suomi, 6 Ilari Melart
48%
H, Suomi, 37 Konsta Kapanen
48%
MV, Suomi, 89% Oskari Salminen
48%
MV, Suomi, 91% Petteri Rimpinen
48%
P, Suomi, 10 Saku Salminen
48%
MV, USA, 89% Stefanos Lekkas
48%
MV, Suomi, 88% Tomi Karhunen
48%
H, Suomi, 13 Akseli Mäkinen
45%
H, Suomi, 57 Aku Räty
45%
H, Suomi, 22 Andreas Okany
45%
H, Suomi, 38 Daniel Mäkiaho
45%
H, Suomi, 7 ja 4 Jere ja Aatu Karjalainen
45%
H, Tsekki, 52 Matyas Kantner
45%
P, Suomi, 3 Miro Karjalainen
45%
MV, Suomi, 89% Noa Vali
45%
H, Suomi, 25 Otto Mäkinen
45%
H, Tsekki, 36 Petr Kodytek
45%
P, Suomi, 44 Sami Vatanen
45%
MV, Kanada, 88% Talyn Boyko
45%
H, Suomi, 42 Antti Kalapudas
42%
H, Suomi, 25 Benjamin Korhonen
42%
H, Suomi, 38 Jan-Mikael Järvinen
42%
H, Suomi, 28 Jesse Kiiskinen
42%
P, Suomi, 1 Jirko Tukiainen
42%
H, Tanska, 71 Joachim Blichfeld
42%
H, Suomi, 9 Kasperi Ojantakanen
42%
P, Ruotsi, 15 Kim Johansson
42%
H, Suomi, 59 Kristian Tanus
42%
P, Suomi, 21 Lasse Lappalainen
42%
H, Suomi, 44 Leevi Tukiainen
42%
H, Suomi, 13 Matti Järvinen
42%
H, Kanada, 66 Maxime Fortier
42%
H, Suomi, 25 Olli Korhonen
42%
MV, Slovakia, 86% Rastislav Elias
42%
P, Ruotsi, 51 Simon Johansson
42%
H, Suomi, 54 Valtteri Ojantakanen
42%
H, Kanada, 39 Vincent Marleau
42%
H, Kanada, 41 Cameron Wright
39%
MV, Tsekki, 89% Dominik Pavlat
39%
H, Suomi, 58 Jere Lassila
39%
H ja P, Suomi, 27 ja 19 Julius ja Jesper Mattila
39%
MV, Liettua, 91% Mantas Armalis
39%
P, Suomi, 2 Mitja Jokinen
39%
H, Tsekki, 2 Ondrej Kos
39%
MV, Suomi, 88% Paavo Kohonen
39%
H, Suomi, 34 Patrik Virta
39%
H, Suomi, 25 Petrus Palmu
39%
H, Ruotsi, 23 ja 17 Ponthus ja Pathrik Westerholm
39%
H, Viro, 39 Robert Rooba
39%
P, Suomi, 10 Saku Salmela
39%
P, Suomi, 11 Tuomas Salmela
39%
H, Suomi, 41 Veeti Miettinen
39%
H ja P, Suomi, 27 ja 4 Aapeli ja Iivari Räsänen
36%
MV, Suomi, 89% Antti Raanta
36%
MV, Suomi, 91% Christian Heljanko
36%
H ja P, Suomi, 25 ja 18 Eetu ja Joni Tuulola
36%
H, Suomi, 31 Juuso Mäenpää
36%
MV, Suomi, 91% Kari Piiroinen
36%
H ja P, Suomi, 17 ja 17 Kim ja Daniel Nieminen
36%
H, Suomi, 8 Konsta Hirvonen
36%
H, Slovenia, 37 Matic Török
36%
H, Suomi, 62 Mikael Ruohomaa
36%
MV, Ruotsi, 90% Niklas Rubin
36%
P, Tanska, 13 Oliver Larsen
36%
H, Suomi, 57 Otto Kivenmäki
36%
MV, Tsekki, 91% Patrik Bartosak
36%
H, Suomi, 52 Roni Hirvonen
36%
P, Suomi, 20 Roni Jokinen
36%
H, Suomi, 11 Sebastian Repo
36%
P, Suomi, 12 Tony Sund
36%
H, Suomi, 26 Viljami Nieminen
36%
P, Latvia, 13 Alberts Smits
33%
P, Suomi, 11 Atte Ohtamaa
33%
MV, Suomi, 89% Daniel Salonen
33%
MV, Latvia, 89% Gustavs Grigals
33%
P, Suomi, 3 Jani Hakanpää
33%
H, Suomi, 1 Jeremi Virtanen
33%
MV, Suomi, 88% Joni Ortio
33%
H, Suomi, 24 Joona Saarelainen
33%
MV, Suomi, 90% Juha Jatkola
33%
MV, Suomi, 90% Juha Metsola
33%
P, Suomi, 13 Karri Aho
33%
H, Suomi, 20 Lassi Vanhatalo
33%
P, Ruotsi, 11 Marcus Björk
33%
H, Suomi, 1 Niklas Virtanen
33%
H, Kanada, 34 Peter Quenneville
33%
H, Suomi, 23 Santeri Virtanen
33%
H, Ruotsi, 32 Tim Söderlund Leger
33%
H, Suomi, 27 Tomi Sallinen
33%
H, Suomi, 26 Veli-Matti Savinainen
33%
H, Suomi, 1 Vilho Vanhatalo
33%
H, Tanska, 35 Alexander True
30%
H, Suomi, 1 Dan Harkimo
30%
H, Suomi, 50 Eemil Erholtz
30%
H, Suomi, 34 Jaakko Rissanen
30%
H, Suomi, 25 Janne Hämäläinen
30%
H, Suomi, 23 Joel Määttä
30%
H, Suomi, 7 Kasper Lundell
30%
H, Suomi, 53 Kasper Simontaival
30%
H, Suomi, 14 Lenni Hämäläinen
30%
H, Suomi, 15 Manu Mäkelä
30%
MV, Suomi, 88% Masi Härkönen
30%
H, Suomi, 47 Miska Siikonen
30%
H, Suomi, 37 Oiva Keskinen
30%
P, Tanska, 9 Oliver Lauridsen
30%
MV, Suomi, 87% Patrik Kerkola
30%
P, Suomi, 8 Petteri Lindbohm
30%
P, Suomi, 22 Rami Määttä
30%
MV, Suomi, 84% Roope Taponen
30%
H, Suomi, 15 ja 1 Sakke ja Oskari Hämäläinen
30%
H, Suomi, 42 Santeri Huovila
30%
H, Kanada, 13 Sean Josling
30%
H, Suomi, 49 Ville Meskanen
30%
H ja P, Suomi 10 ja 0 Anttoni ja Eelis Uronen
27%
MV, Suomi, 89% Eetu Mäkiniemi
27%
MV, Suomi, 91% Eetu Randelin
27%
MV, Suomi, 89% Filip Lindberg
27%
H, Suomi, 56 Henri Nikkanen
27%
P, Ranska, 11 Hugo Gallet
27%
H, Suomi, 8 Iivari Heikkinen
27%
P, Suomi, 9 Jarkko Parikka
27%
H, Ruotsi, 41 Jens Lööke
27%
H, Suomi, 16 Jere Somervuori
27%
H, Suomi, 12 Joonas Nättinen
27%
H, Suomi, 7 Lari Heikkinen
27%
H, Suomi, 7 Leo Komarov
27%
H, Ruotsi, 49 Lukas Wernblom
27%
P, Suomi, 2 Matias Rajaniemi
27%
P, Suomi, 6 Niklas Nykyri
27%
H, Suomi, 11 Oliver Suvanto
27%
H, Suomi, 25 Pekka Jormakka
27%
MV, Suomi, 90% Sami Rajaniemi
27%
H, USA, 16 Tristan Ashbrook
27%
P, Suomi, 34 Aleksi Matinmikko
24%
H, Kazakstan, 4 Alexandr Kim
24%
H, USA, 25 Cade Borchardt
24%
H, Ruotsi, 12 Carl Klingberg
24%
P, USA, 31 Daniel Brickley
24%
H; Ranska, 23 Dylan Fabre
24%
P, Suomi, 23 Eetu Peltola
24%
H, Suomi, 27 Emil Kuusla
24%
H, Ruotsi, 28 Erik Borg
24%
H, Suomi, 20 Feetu Knihti
24%
P, Ruotsi, 39 Jakob Stenqvist
24%
MV, Tsekki, 91% Jan Bednar
24%
H, Suomi, 18 Jeremi Tammela
24%
H, Suomi, 3 Jesse Seppälä
24%
H, Suomi, 35 Jonne Tammela
24%
P, Suomi, 3 Juho Piiparinen
24%
P, Suomi, 29 Juuso Arola
24%
H, Suomi, 18 Juuso Heikkilä
24%
P, Suomi, 36 Jyrki Jokipakka
24%
H, Viro, 5 Kristjan Kombe
24%
H, Tsekki, 50 Lukas Jasek
24%
H, USA, 13 Lukas Svejkovsky
24%
MV, Kanada, 88% Mark Sinclair
24%
P, Suomi, 16 Markus Nutivaara
24%
H, Suomi, 35 Matias Mäntykivi
24%
P, Tsekki, 25 Michal Jordan
24%
H, Suomi, 36 Nestor Noiva
24%
MV, Suomi, 89% Oskari Setänen
24%
H, Suomi, 40 Otto Paajanen
24%
H, Suomi, 41 Sami Päivärinta
24%
H, Suomi, 28 Topias Hynninen
24%
P, Suomi, 2 Veeti Ruotsalainen
24%
P, Suomi, 20 Ville Ruotsalainen
24%
H, Unkari, 38 Vilmos Gallo
24%
MV, Suomi, 87% Visa Vedenpää
24%
MV, Suomi, 82% Aatu Niittymäki
21%
H, Suomi, 13 Anrei Hakulinen
21%
H, Suomi, 7 Antti Tyrväinen
21%
H, Kanada, 30 Cameron Hillis
21%
H, Ruotsi, 35 Daniel Torgersson
21%
H, Suomi, 39 Eetu Päkkilä
21%
H, Suomi, 3 Elias Huttu
21%
P, Suomi, 19 Elmeri Eronen
21%
MV, Kanada, 90% Evan Buitenhuis
21%
H, Suomi, 13 Jaakko Lantta
21%
H, Suomi, 33 Jesper Piitulainen
21%
P, Suomi, 1 Joonas Eronen
21%
H, Ranska, 13 Justin Addamo
21%
H, Suomi, 35 Juuso Puustinen
21%
P, Suomi, 20 Kalle Ervasti
21%
P, Suomi, 5 Kalle Kangas
21%
P, Suomi, 21 Kasper Kulonummi
21%
H, Suomi, 6 Kasper Pikkarainen
21%
P, Suomi, 4 Kasper Soini
21%
H, Suomi, 14 Leo Tuuva
21%
MV, Suomi, 91% Markus Ruusu
21%
P, Suomi, 9 Miika Koivisto
21%
H, Suomi, 35 Miikka Salomäki
21%
H, Suomi, 16 Mikko Perttu
21%
MV, Tsekki, 95% Miroslav Svoboda
21%
H, Suomi, 12 Niklas Appelgren
21%
P, Suomi, 3 Olli Juolevi
21%
P, Suomi, 6 Otto Latvala
21%
P, Suomi, 18 Petteri Nikkilä
21%
H, Tsekki, 16 Radek Koblizek
21%
P, Suomi, 34 Santeri Airola
21%
P, Suomi, 7 Sebastian Soini
21%
H, Ruotsi, 27 Sebastian Stålberg
21%
H, Ruotsi, 28 Simon Hjalmarsson
21%
P, Suomi, 24 Tarmo Reunanen
21%
P, Suomi, 3 Teemu Eronen
21%
P, Suomi, 10 Toni Utunen
21%
MV, Suomi, 89% Vili Varonen
21%
P, Suomi, 2 Viljami Savolainen
21%
H, Suomi, 15 Aleks Haatanen
18%
H, Suomi, 15 Arttu Alasiurua
18%
P, Kanada, 25 Brad Hunt
18%
P, Suomi, 2 Bruno Jalasti
18%
H, Ranska, 19 Charles Bertrand
18%
H, Ukraina, 1 Daniil Trakht
18%
H, Suomi, 13 Eero Klintrup
18%
P, Kanada, 24 Eric Gelinas
18%
MV, Ruotsi, 87% Felix Sandström
18%
P, Ruotsi, 29 Filip Westerlund
18%
H, Suomi, 23 Heikki Huttunen
18%
H, Suomi, 19 Henri Ikonen
18%
P, Suomi, 2 Janne Peltonen
18%
P, Tsekki, 31 Jiri Tichacek
18%
H, Suomi, 14 Julius Junttila
18%
H, Suomi, 12 Kasper Björkqvist
18%
P, Suomi, 32 Kristian Näkyvä
18%
H, Kanada, 42 Luke Henman
18%
H, Ruotsi, 38 Marcus Davidsson
18%
H, Suomi, 8 Oliver Kopiloff
18%
P, Tsekki, 15 Ondrej Trejbal
18%
H, Suomi, 14 Otto Somppi
18%
H, Suomi, 19 Ottoville Leppänen
18%
H, Suomi, 31 Patrik Siikanen
18%
H, Suomi, 26 Roni Karvinen
18%
H, Suomi, 8 Roope Vesterinen
18%
P, Suomi, 15 Samuli Niinisaari
18%
P, Suomi, 15 Sisu-Petteri Lehtonen
18%
H, Suomi, 25 Teemu Engberg
18%
H, Suomi, 6 Timi Teuho-Markkola
18%
H, Suomi, 0 Valtteri Piironen
18%
H, Suomi, 7 Vili Munkki
18%
MV, Kanada, 89% Zachary Emond
18%
H, Suomi, 12 Aaro Vidgren
15%
P, Suomi, 7 Aleksi Laakso
15%
H, Suomi, 23 Alexander Ruuttu
15%
P, Ruotsi, 2 Anton Karlsson
15%
H, Suomi, 34 Arttu Tuomaala
15%
P, Suomi, 9 Arttu Välilä
15%
H, Unkari, 13 Balazs Sebok
15%
H, Ruotsi, 11 Christoffer Forsberg
15%
H, Suomi, 0 Hannes Tiainen
15%
H, Suomi, 29 Henrik Haapala
15%
P, Ruotsi, 6 Jakob Ragnarsson
15%
P, Suomi, 21 Jesper Ahlroth
15%
H, Suomi, 15 Juuso Könönen
15%
P, Suomi, 22 Kasper Puutio
15%
P, Suomi, 8 Lasse Boelius
15%
H, Suomi, 4 Lauri Sinivuori
15%
H, Suomi, 13 Miro Väänänen
15%
H, Suomi, 1 Natan Gashaw Teshome
15%
P, Suomi, 20 Nuutti Viitasalo
15%
H, Suomi, 14 Olli Palola
15%
H, Latvia, 23 Oskars Batna
15%
H, Suomi, 21 Ossi-Petteri Jaakola
15%
P, Suomi, 0 Ossi Sippola
15%
H, Suomi, 29 Peter Tiivola
15%
P, Suomi, 11 Petteri Riihinen
15%
P, Tsekki, 19 Radek Kucerik
15%
P, Suomi, 16 Ruben Rafkin
15%
H, Suomi, 10 Sakari Kostilainen
15%
H, Suomi, 16 Samu Bau
15%
H, Kanada, 22 Steven Jandric
15%
P, Suomi, 27 Teemu Kivihalme
15%
H, Norja, 23 Thomas Olsen
15%
P, Suomi, 17 Tobias Winberg
15%
H, Suomi, 11 Tommi Tikka
15%
P, Suomi, 3 Valtteri Hietanen
15%
H, Suomi, 28 Valtteri Lipiäinen
15%
H, Suomi, 14 Verneri Ahonen
15%
P, Suomi, 3 Aatu Aarnio
12%
H, Kanada, 34 Aidan Dudas
12%
H, Suomi, 16 Aleksi Antti-Roiko
12%
H, Suomi, 36 Aleksi Klemetti
12%
P, Suomi, 15 Ari Gröndahl
12%
P, Suomi, 17 Arttu Paaso
12%
P, Suomi, 15 Arttu Pelli
12%
P, Latvia, 7 Arturs Andzans
12%
H, Kanada, 14 Ben Tardif
12%
P, USA, 18 Brian Kramer
12%
H, Kanada, 13 Danick Martel
12%
P, Suomi, 7 Einari Luhanka
12%
H, Suomi, 17 Elias Vilen
12%
H, Ruotsi, 16 Emil Sylvegård
12%
P, Kanada, 2 Garrett Pyke
12%
H, Suomi, 26 Harri Kainulainen
12%
H, Suomi, 39 Iikka Kangasniemi
12%
H, Suomi, 25 Jere Väisänen
12%
H, Suomi, 0 Joakim Hirschovits-Gerz
12%
H, USA, 23 John Stevens
12%
MV, Suomi, 100% Jooa Sammalniemi
12%
H, Suomi, 21 Joona Kumpula
12%
H ja P, Suomi, 1 ja 0 Joonas ja Arttu Paqvalin
12%
H, Suomi, 29 Joonas Oden
12%
H, Suomi, 7 Joonas Rask
12%
P, Suomi, 12 Kim Nousiainen
12%
H, Suomi, 16 Kristian Vesalainen
12%
H, Suomi, 11 Linus Nyman
12%
P, Tsekki, 15 Lukas Kanak
12%
P, Suomi, 8 Luka Tiihonen
12%
H, Suomi, 8 Miika Tiihonen
12%
P, Suomi, 11 Mikko Kousa
12%
P, Suomi, 23 Miska Kukkonen
12%
P, Suomi, 15 Niclas Almari
12%
H, Tsekki, 12 Ondrej Pavel
12%
H, Suomi, 12 ja 2 Oskari ja Oliver Hult
12%
MV, Suomi, 89% Otto Hannikainen
12%
H, Suomi, 0 Otto Jaatinen
12%
H, Suomi, 3 Panu Mieho
12%
H, Suomi, 33 Patrik Juhola
12%
P, Suomi, 16 Petteri Nurmi
12%
H, Suomi, 8 Roope Talaja
12%
H, Suomi, 8 Samuel Timonen
12%
H, Suomi, 27 Samuli Ratinen
12%
MV, Suomi, 92% Sisu Heikkeri
12%
MV, Suomi, 33% Topias Rovio
12%
P, Kanada, 20 Trent Bourque
12%
P, Suomi, 6 Valtteri Nurmi
12%
P, Suomi, 15 Valtteri Viljanen
12%
P, Suomi, 1 Verneri Arkko
12%
P, Suomi, 1 Vertti Svensk
12%
H, Suomi, 1 Vili Toivonen
12%
P, Suomi, 13 Aleksi Anttalainen
9%
P, Kanada, 14 Alex Peters
9%
H, Suomi, 10 Anton Kettunen
9%
P, Ruotsi, 16 Anton Olsson
9%
H, Slovenia, 4 Anze Zezelj
9%
P, Ruotsi, 8 Axel Landen
9%
H, Suomi, 4 Axel Skinnari
9%
H, Suomi, 6 Benjamin Pietilä
9%
H, Kanada, 22 Brett Stapley
9%
P, Suomi, 7 Casimir Jurgens
9%
H, USA, 26 Connor Ford
9%
P, Suomi, 1 Eemeli Heinilä
9%
H, Suomi, 6 Elias Puolanne
9%
P, Suomi, 0 Jesper Kotajärvi
9%
H, Suomi, 1 Jiko Laitinen
9%
H, Suomi, 11 Jiro Frilander
9%
P, Norja, 6 Johannes Johannesen
9%
H, Ruotsi, 27 Johan Olofsson
9%
P, Ruotsi, 17 John Nyberg
9%
P, Ruotsi, 12 Jonathan Andersson
9%
H, Suomi, 2 Joona Mutka
9%
H, Suomi, 2 Juho Keinänen
9%
H, Suomi, 7 Juuso Nykänen
9%
P, Suomi, 2 Juuso Pulli
9%
P, Suomi, 27 Kalle Loponen
9%
H, Suomi, 6 Markus Loponen
9%
MV, Suomi/Ranska, 90% Matthieu Herpin
9%
P, Suomi, 12 Miro Keskitalo
9%
H, Suomi, 7 Miro Tauslahti
9%
P, Ruotsi, 8 Oskar Nilsson
9%
P, Suomi, 1 Ossi Tukio
9%
H, Suomi, 11 Otto Rauhala
9%
H, Ruotsi, 8 Patrik Carlsson
9%
P, Ruotsi, 3 Samuel Jonsson
9%
H, Suomi, 1 Samuli Aaltonen
9%
H, Suomi, 1 Santeri Elo
9%
H, Suomi, 16 Santeri Sulku
9%
H, Suomi, 6 Severi Immonen
9%
P, Ruotsi, 9 Theodor Johnsson
9%
H, Kanada, 3 Thomas Caron
9%
H, Suomi, 18 Topias Haapanen
9%
H, Suomi, 3 Topias Liljamo
9%
H, Suomi, 1 Totte Pulli
9%
H, Suomi, 7 Vili Alatalo
9%
H, Suomi, 3 Ville Immonen
9%
H, Suomi, 14 Aarne Intonen
6%
P, Suomi, 1 Akseli Ketonen
6%
H, Kanada, 44 Alex Beaucage
6%
P, Ruotsi, 18 Alexis Binner
6%
H, USA, 11 Andrew Vanderbeck
6%
P, Suomi, 5 Arttu Niskanen
6%
P, Suomi, 10 Arttu Tuhkala
6%
H, Suomi, 0 Eemil Laurell
6%
H, Suomi, 1 Eerik Kolehmainen
6%
P ja H, Suomi, 1 ja 1 Eetu ja Waltteri Koivunen
6%
MV, Latvia, 87% Emils Vitols
6%
H, Suomi, 22 Jami Krannila
6%
H, Suomi, 24 Janne Naukkarinen
6%
H, Suomi, 1 Jesse Pärssinen
6%
P, Suomi, 10 Jiri Pärssinen
6%
P, Suomi, 13 Joni Jurmo
6%
P, Suomi, 10 Joona Riekkinen
6%
H, Suomi, 13 Julius Hermonen
6%
H, Suomi, 18 Leevi Teissala
6%
H, Ruotsi, 3 Linus Nässen
6%
H, Kanada, 8 Lucas Edmonds
6%
P, Suomi, 2 Max Laatikainen
6%
MV, Suomi, 85% Max Väyrynen
6%
P, Suomi, 12 Niklas Peltomäki
6%
H, Suomi, 8 Niklas Ylitalo
6%
H, Suomi, 0 Nooa Viuhkola
6%
H, Suomi, 2 Olli Nikupeteri
6%
H, Suomi, 19 Oskari Luoto
6%
H, Suomi, 8 Otso Ylitalo
6%
H, Suomi, 16 Otto Hokkanen
6%
H, Suomi, 4 Otto Mykrä
6%
H, Sveitsi, 0 Paul Mottard
6%
H, Suomi, 10 Samuel Valkeejärvi
6%
P, Suomi, 8 Samuli Piipponen
6%
H, Suomi, 4 Teemu Väyrynen
6%
H, Tsekki, 10 Tomas Mazura
6%
P, Suomi, 7 Veikka Mononen
6%
P, Suomi, 21 Viljami Jokirinne
6%
P, Suomi, 1 Viljo Kähkönen
6%
P, Suomi, 0 Ville Arkiomaa
6%
P, Suomi, 5 Ville Puhakka
6%
P, Ruotsi, 10 William Worge Kreu
6%
H, Suomi, 3 Aaro Chrons
3%
H ja P, Suomi, 2 ja 0 Aatu ja Atte Heinänen
3%
H, Kanada, 29 Antoine Morand
3%
P, Ruotsi, 15 Arvid Aronsson
3%
H, Unkari, 7 Bence Horvath
3%
P, USA, 3 Derek Daschke
3%
H, Suomi, 8 Eelis Teutari
3%
P, Ruotsi, 10 Hampus Falk
3%
P, Suomi, 16 Hannes Häkkilä
3%
P, Ruotsi, 9 Joseph Berger
3%
P, Ranska, 5 Jules Boscq
3%
P, Suomi, 11 Juuso Ketola
3%
H, Suomi, 5 Kalle Myllymaa
3%
P, Suomi, 6 Lauri Sertti
3%
P, Ruotsi, 10 Ludvig Claesson
3%
H, Ruotsi, 10 Lukas Zetterberg
3%
H, Suomi, 3 Miro Ruokonen
3%
P, Suomi, 5 Onni Käyhkö
3%
P, Suomi, 5 Ossi-Veikka Vuontisvaara
3%
P, Suomi, 1 Otso Rantakari
3%
H, Norja, 20 Philip Granath
3%
P, Tsekki, 1 Samuel Huzevka
3%
H, Suomi, 7 Simo Heinonen
3%
H, Suomi, 32 Sisu Yliniemi
3%
H, Suomi, 13 Tuukka Tieksola
3%
H, Suomi, 1 Venni Tolppola
3%
H, Suomi, 4 Viljam Sandvik
3%
H, Suomi, 3 Aapo Katavisto
0%
P, Suomi, 1 Aapo Kurri
0%
H, Suomi, 5 Aarne Talvitie
0%
H, Suomi, 2 Aaron Hakala
0%
H, Slovakia, 3 Alex Ciernik
0%
MV, Suomi, 80% Alex Kahila
0%
H, Suomi, 10 Anton Stråka
0%
P, Suomi, 4 Arttu Kärki
0%
H, Suomi, 1 Atte Uusikartano
0%
P, Ruotsi, 10 August Tornberg
0%
P, Latvia, 2 Bogdans Hodass
0%
H, Kanada, 5 Branden Troock
0%
H, Viro, 1 David Timofejev
0%
H, Suomi, 8 Eetu Levänen
0%
H, Suomi, 0 Elias Mourujärvi
0%
P, Suomi, 3 Jasper Valtanen
0%
H, Suomi, 1 Joel Kerkkänen
0%
H, Ruotsi, 19 Johan Sundström
0%
P, Suomi, 7 Joona Lehmus
0%
H, Suomi, 10 Joose Antonen
0%
H, Suomi, 0 Julius Korjus
0%
H, Ruotsi, 13 Kalle Miketinac
0%
H, Ranska, 8 Louis Boudon
0%
H, Ruotsi, 6 Ludvig Larsson
0%
H, Suomi, 8 Matti Härmä
0%
P, Suomi, 6 Niilo Romppanen
0%
P, Suomi, 11 Niko Korkola
0%
P, Suomi, 0 Onni Korkka
0%
H, Suomi, 5 Oskari Remes
0%
H, Suomi, 3 Rasmus Baggström
0%
H, Suomi, 0 ja 0 Rasmus ja Waltteri Toivainen
0%
H, Tsekki, 1 Samuel Jung
0%
H, Suomi, 3 Tim Ekman
0%
H, Suomi, 4 Tuukka Korkiakoski
0%
P, Suomi, 5 Väinö Liikonen
0%
P, Ruotsi, 5 Victor Sjöholm
0%
P, Suomi, 6 Viljami Juusola
0%
H, Suomi, 2 Ville Heikkala
0%
Ehtoja vastaavia visoja ei löytynyt
Tulosjakauma
Jokaisen tuloksen saaneiden osuus
Persentiili vastausten määrän mukaan
Tuloshistoriasi
Et ole pelannut tätä visaa